Statistics for Mystery Taylor Swift Song #6

Click here to take the quiz!

General Stats

  • This quiz has been taken 1,049 times
    (881 since last reset)
  • The average score is 106 of 168

Answer Stats

Song% Correct
I
95%
a
94%
you
93%
the
91%
me?
90%
me
90%
be
86%
love
85%
my
85%
it
84%
it?
84%
When
84%
your
84%
do
83%
In
83%
on
83%
to
83%
Folklore
80%
was
80%
ever
79%
can
78%
of
78%
go
77%
she
77%
that
77%
this
77%
where
77%
Betty
76%
but
76%
don't
76%
I'm
76%
know
76%
like
76%
what
76%
Would
76%
And
75%
if
75%
it's
75%
So
75%
want
75%
all
74%
have
74%
why
74%
at
73%
did
73%
just
72%
up
72%
can't
71%
thing?
71%
thing
71%
think
71%
time
71%
'cause
70%
is
70%
tell
70%
make
69%
from
68%
her
68%
home
68%
miss
68%
only
68%
party
68%
showed
68%
told
68%
myself?
67%
Or
67%
summer
67%
won't
67%
anything
66%
fuck
66%
said
66%
worst
66%
17
65%
About
65%
believe
65%
car
65%
garden
65%
garden?
65%
heard
65%
says
65%
Inez
64%
one
64%
rumors
64%
true
64%
word
64%
get
63%
saw
63%
with
63%
him
62%
Most
62%
times
62%
Will
62%
assumptions
61%
couldn't
61%
for
61%
kiss
61%
lead
61%
now
61%
switched
61%
trust
61%
went
61%
homeroom
60%
wrong
60%
house
59%
breathe
58%
dream
58%
hate
57%
see
57%
song
57%
cardigan
56%
favorite
56%
gym
56%
James
56%
side
56%
far
55%
playing
55%
broken
54%
dance
54%
passed
54%
riding
54%
skateboard
54%
walking
54%
drive
53%
let's
53%
Plus
53%
last
52%
long
52%
thinking
52%
days
51%
friends?
51%
into
51%
nights
51%
again
50%
crowds
50%
front
50%
next
50%
pulled
50%
Slept
50%
cobblestones
49%
stupid
49%
Those
49%
turned
49%
dreamt
48%
found
48%
here
48%
intentions
48%
nowhere
48%
out
47%
porch
47%
Yeah
47%
face
46%
wanna
46%
figment
45%
doorstep
44%
dreamed
42%
right
42%
Standing
41%
finally
40%
Kissin'
40%
planned
40%
sinkin'
40%
weeks
40%
wings?
39%
happens
37%
patch
37%
streetlight
34%
Stopped
32%

Score Distribution

Percentile by Number Answered

Percent of People with Each Score

Your Score History

You have not taken this quiz since the last reset